La Publicidad : diario ilustrado, político, de anuncios, avisos y noticias diario ilustrado, político, de anuncios, avisos y noticias
Descripción Física:
il. ; 58 cm
MARC
| LEADER | 00000nam a2200000Ia 4500 | ||
|---|---|---|---|
| 001 | |||
| 008 | 160829s1894 xx 000 0 cat d | ||
| 008 | 160829s9999 xx 000 0 cat d | ||
| 080 | |a 2673, exp. 4 | ||
| 245 | |a La Publicidad : |b diario ilustrado, político, de anuncios, avisos y noticias | ||
| 260 | |a Barcelona : |b Imprenta de La Publicidad, |c 1894 | ||
| 300 | |a il. ; |c 58 cm | ||
| 362 | |a 1878-1922 | ||
| 590 | |a Diària. | ||
| 590 | |a Descripció basada en: Año XXVII, no. 5735 (15 oct. 1894). | ||
| 590 | |a Escindida de 'La nueva publicidad' i continuada per 'La Publicitat' | ||
| 650 | |a Política |x Revistes |9 47958 | ||
| 650 | |a Publicitat |x Revistes |9 48280 | ||
| 866 | |a Any 27, 1894 (5735) | ||
| 901 | |a Arxiu | ||
| 942 | |n 1 | ||
| 952 | |0 0 |1 0 |4 0 |6 2673_EXP_4 |7 1 |9 54443 |a Arxiu |b Arxiu |d 2016-12-01 |l 0 |o 2673, exp. 4 |r 2016-12-01 00:00:00 |w 2016-12-01 |y ARXIU | ||
| 999 | |c 58312 |d 58312 | ||